Pays où il y a le plus de meurtres - Statistiques

Statistiques générales
  • Ce quiz a été pris 50 598 fois
    31 581 depuis la dernière actualisation
  • Le résultat moyen est 11 sur 21
Statistiques - réponses
Meurtres Pays % Correct
19 796 États-Unis
96%
32 252 Mexique
88%
44 367 Brésil
86%
9 866 Russie
86%
7 157 Chine
84%
13 108 Colombie
77%
40 130 Inde
73%
3 568 Venezuela
56%
8 755 R.D. Congo
55%
27 272 Afrique du Sud
49%
5 459 Irak
49%
10 729 Pakistan
48%
44 200 Nigeria
38%
8 221 Équateur
32%
3 347 Honduras
30%
3 520 Guatemala
28%
3 830 Bangladesh
27%
8 153 Éthiopie
23%
4 789 Haïti
21%
4 764 Philippines
21%
4 143 Ouganda
7%
Aucun quiz correspondant
Distribution des résultats
% des personnes avec chaque résultat
Percentile par nombre de réponses
Votre historique - résultats
Vous n’avez pas pris ce quiz depuis la dernière actualisation